Elements of dynamic optimization / (Registro nro. 5355)

Detalles MARC
000 -LEADER
fixed length control field 00707nam a2200229Ia 4500
003 - CONTROL NUMBER IDENTIFIER
control field OSt
005 - DATE AND TIME OF LATEST TRANSACTION
control field 20210204171847.0
008 - FIXED-LENGTH DATA ELEMENTS--GENERAL INFORMATION
fixed length control field 191128t1992 us ad fr 001 0 eng d
020 ## - INTERNATIONAL STANDARD BOOK NUMBER
International Standard Book Number 007112568X
040 ## - CATALOGING SOURCE
Original cataloging agency CO-JMCR
Transcribing agency CO-JMCR
041 0# - LANGUAGE CODE
Language code of text/sound track or separate title eng
082 04 - DEWEY DECIMAL CLASSIFICATION NUMBER
Classification number 330.0182 /
Item number C532e
Edition number 23
100 1# - MAIN ENTRY--PERSONAL NAME
Personal name Chiang, Alpha C.,
Relator term autor
9 (RLIN) 5186
245 10 - TITLE STATEMENT
Title Elements of dynamic optimization /
Statement of responsibility, etc. Alpha C. Chiang
260 ## - PUBLICATION, DISTRIBUTION, ETC.
Place of publication, distribution, etc. New York :
Name of publisher, distributor, etc. McGraw-Hill,
Date of publication, distribution, etc. ©1992
300 ## - PHYSICAL DESCRIPTION
Extent 327 páginas :
Other physical details gráficos a blanco y negro ;
Dimensions 24 cm.
490 0# - SERIES STATEMENT
Series statement Economics
500 ## - GENERAL NOTE
General note Incluye índice alfabético.
505 0# - FORMATTED CONTENTS NOTE
Formatted contents note The calculus of variations -- Optimal control theory
650 14 - SUBJECT ADDED ENTRY--TOPICAL TERM
Topical term or geographic name entry element Econometría
9 (RLIN) 5464
942 ## - ADDED ENTRY ELEMENTS (KOHA)
Source of classification or shelving scheme Dewey Decimal Classification
Koha item type Books
Existencias
Withdrawn status Lost status Source of classification or shelving scheme Damaged status Not for loan Collection code Home library Current library Date acquired Source of acquisition Cost, normal purchase price Total Checkouts Full call number Barcode Date last seen Copy number Koha item type
    Dewey Decimal Classification     Non-fiction Biblioteca Pública José María del Castillo y Rada Biblioteca Pública José María del Castillo y Rada 04/15/2018 Donación 0.00   330.0182 / C532e 430001750 05/16/2024 Ej.1 Books